banner-ar

LA PENSEE SOCIALE FRANCAISE AU XVIII ET SU DEBUT DU XIX SIECLE / (Record no. 19102)

MARC details
000 -الفاتح
حقل البيانات ثابتة الطول 00524nam a2200181Ia 4500
008 - عناصر البيانات ثابتة الطول - معلومات عامة
حقل البيانات ثابتة الطول 140319s9999 xx 000 0 eng d
040 ## - مصدر الفهرسة
وكالة الفهرسة الأصلية GCL /
وكالة النسخ GCL
082 04 - رقم تصنيف ديوى العشرى
رقم التصنيف 891.7
رقم المادة K L
100 1# - المدخل الرئيسى - إسم شخصى
الإسم الشخصى KAUFFMANN, C.M.
245 10 - بيان العنوان
العنوان LA PENSEE SOCIALE FRANCAISE AU XVIII ET SU DEBUT DU XIX SIECLE /
بيان المسئوليه,etc KAUFFMANN, C.M.
700 1# - المدخل الاضافى - اسم شخصى
الإسم الشخصى KAUTCHERENKO, G
260 ## - PUBLICATION, DISTRIBUTION, ETC. (IMPRINT)
تاريخ النشر أو التوزيع 1989
300 ## - الوصف المادى
التعداد 457 PP
490 ## - بيان السلسلة
عنوان السلسلة DES SIECLE ET DES HOMMES
رقم المجلد/ التعيين التسلسلي 0
650 04 - المدخل الاضافى بالموضوع-مصطلح موضوعى
مصطلح موضوعي RUSSIAN LITERATURE
942 ## - عناصر المدخل الإضافي( كوها)
مصدر التصنيف او مخطط الترفيف Dewey Decimal Classification
Koha [default] item type كتاب
260 ## - PUBLICATION, DISTRIBUTION, ETC. (IMPRINT)
-- [S.N] :
-- EDITIONS DU PROGRES ،
Holdings
حالة التراجع حالة الفقد حالة تلف ليس للاعارة المكان المؤقت الموقع الحالى تاريخ الاكتساب اجمالي اﻻعارات رقم الطلب الباركود تاريخ اخر مشاهدة تاريخ تفعيل السعر نوع وعاء كوها
        مكتبة القاهرة الكبرى مكتبة القاهرة الكبرى 03/26/2014   891.7\K L 36575 03/26/2014 03/26/2014 كتاب
        مكتبة القاهرة الكبرى مكتبة القاهرة الكبرى 03/26/2014   891.7\K L 36576 03/26/2014 03/26/2014 كتاب

Powered By

EGPV